Κατάλογος Βιβλιοθηκών Mediterranean College

Η Επίπτωση των Συγχωνεύσεων στην Εταιρική Κουλτούρα./Η Περίπτωση της Εταιρίας Pfizer. (Record no. 8581)

MARC details
000 -LEADER
fixed length control field 02054cam a22001934a 4500
005 - ΗΜΕΡΟΜΗΝΙΑ ΚΑΙ ΩΡΑ ΤΕΛΕΥΤΑΙΑΣ ΕΝΗΜΕΡΩΣΗΣ
Πεδίο ελέγχου 20250605164340.0
008 - FIXED-LENGTH DATA ELEMENTS--GENERAL INFORMATION
Πεδίο ελέγχου σταθερού μήκους 250528s ||||||||||||||||||||||||d
035 ## - SYSTEM CONTROL NUMBER
System control number 23580
040 ## - ΠΗΓΗ ΚΑΤΑΛΟΓΟΓΡΑΦΗΣΗΣ
Φορέας πρωτότυπης καταλογογράφησης MC Athens Campus Library
Γλώσσα καταλογογράφησης Ελληνικά, Μοντέρνα (1453-)
Modifying agency MC Athens Campus Library
Κανόνες περιγραφικής καταλογογράφησης AACR2
245 1# - ΤΙΤΛΟΣ ΚΑΙ ΔΗΛΩΣΗ ΥΠΕΥΘΥΝΟΤΗΤΑΣ
Τίτλος Η Επίπτωση των Συγχωνεύσεων στην Εταιρική Κουλτούρα./Η Περίπτωση της Εταιρίας Pfizer.
260 ## - PUBLICATION, DISTRIBUTION, ETC.
Date of publication, distribution, etc. 2016
300 ## - PHYSICAL DESCRIPTION
Extent 128
520 ## - SUMMARY, ETC.
Summary, etc. Εισαγωγή, Εταιρική Κουλτούρα και Εταιρική Εικόνα, Τύποι Επιχειρησιακής Κουλτούρας Competing Values Culture Model, Σχέση Κουλτούρας και Χρηματοοικονομικής Επίδοσης της Επιχείρησης, ο Ρόλος της Εταιρικής Κουλτούρας στις Ε&Σ, Συμπεράσματα Θεωρητικής Προσέγγισης, Στρατηγική των Επιχειρήσεων, Στρατηγική Ανάλυση Φαρμακευτικών Εταιριών, Τύποι Εξαγορών και Συγχωνεύσεων, τα Κύματα των Εξαγορών και Συγχωνεύσεων, Αξιολόγηση Αποτελεσματικότητας Ε&Σ, Προϋποθέσεις Επιτυχίας της Στρατηγικής Ανάπτυξης Μέσω Ε&Σ, η Αμερικάνικη Φαρμακοβιομηχανία, η Φαρμακοβιομηχανία Pfizer, Μέσα Έρευνας, Ποσοτική Έρευνα και Μεθοδολογία, Περιγραφή Πληθυσμού - Δείγματος, Ευρήματα / Αποτελέσματα, Συσχετίσεις, Περιγραφικά Μέτρα (Descriptive Statistics), Συσχετίσης (Correlations) Αδύνατα Σημεία, Κώδικας Έρευνας, Πηγές, Βιβλιογραφία, Παραρτήματα.
700 1# - ΠΡΟΣΘΕΤΗ ΑΝΑΓΡΑΦΗ--ΦΥΣΙΚΟ ΠΡΟΣΩΠΟ
Personal name Δρ. Κιτωνάκης Νίκος
9 (RLIN) 9160
700 1# - ΠΡΟΣΘΕΤΗ ΑΝΑΓΡΑΦΗ--ΦΥΣΙΚΟ ΠΡΟΣΩΠΟ
Personal name Τζούμα Ευαγγελία
9 (RLIN) 9167
942 ## - ADDED ENTRY ELEMENTS (KOHA)
Koha item type Διπλωματική εργασία
Holdings
Τύπος τεκμηρίου Βιβλιοθήκη Τρέχουσα τοποθεσία Barcode Ημερομηνία απόκτησης Ταξιθετικό σύμβολο Αριθμός αντιτύπου Κατάσταση απόσυρσης Κατάσταση χαμένου Κατάσταση κατεστραμμένου Μη δανεισμός Σύνολο δανεισμών Ημερομηνία τελευταίας εμφάνισης Η τιμή ισχύει από
Διπλωματική εργασία MC Athens Campus Library MC Athens Campus Library 9780000085801 05/06/2025 BUS 2016 (23) 1           05/06/2025 05/06/2025

MC Athens Campus Library
Πατησίων 94 & Κοδριγκτώνος 13, 104 34
Πελλήνης 8 & Πατησίων 107, 112 51
Τ: +30 210 8899600

MC Thessaloniki Campus Library
Ίωνος Δραγούμη 21, 54625 | Ίωνος Δραγούμη 15, 54625
Τ: +30 2310 287779 – Τ: +30 2314 440300